Perša knyha pro cerkovnoslovjans'ku movu pislja 1945 r.

Bibliographic Details
Main Authors: Štec, Mikuláš, 1932- (Author), Beheni, Pavlo (Author)
Format: Article
Language:Ukrainian
PhysicalDescription:Fotogr. 1
Subjects:

MARC

LEADER 00000nab a2200000 a 4500
001 vtls000552437
003 SK-MaSNL
005 20260318121837.0
008 180130c1995 xo 0 ukr
015 |a SNBRB19rr/mm-uuuuu 
035 |a CL0552575 
040 |a SNKBUCL  |b slo  |c SNKBUCL  |e AACR2 
041 0 |a ukr 
044 |a xo  |c SK 
080 |a 808.101(075.8)(048)  |2 1981 
080 |a 371.671(048)  |2 1981 
100 1 |a Štec, Mikuláš,  |d 1932-  |4 aut  |9 98645 
245 1 0 |a Perša knyha pro cerkovnoslovjans'ku movu pislja 1945 r.  |c Mikuláš Štec, Pavlo Beheni 
300 |b Fotogr. 1 
650 0 7 |a staroslovienčina  |2 snkbucl  |9 1344 
650 0 7 |a cirkevná slovančina  |2 snkbucl  |9 1794 
655 7 |a články z novín a časopisov  |2 snkbucl  |9 267496 
655 7 |a články z odboru slavistika  |2 snkbucl  |9 150819 
700 1 |a Beheni, Pavlo  |4 aut  |9 1556748 
700 1 |a Štec, Mikuláš,  |d 1932-  |4 aut  |9 98645 
773 0 |t Nove žyttja  |g Roč. 45, č. 4 (1995), s. 5 
787 0 8 |i Rec.:  |a Štec', Mykola  |t Úvod do staroslovienčiny a cirkevnej slovančiny  |d Prešov : Univerzita P. J. Šafárika, 1994 
850 |a Slovenská národná knižnica v Martine  |a POA001 
852 |a SNK  |b KIS3GCP 
958 |a RK 
958 |a SS 
958 |a UK 
992 |a RBX 
999 |c 3166264  |d 3168194